[Event "DPEM 2017"]
[Site "Wiesbaden"]
[Date "2017.06.16"]
[Round "4.5"]
[White "Paulsen, Dirk"]
[Black "Bente, Bjoern"]
[Result "1-0"]
[WhiteElo "2295"]
[BlackElo "2289"]
[Annotator "TA"]
[PlyCount "108"]
[EventDate "2017.??.??"]
[EventType "k.o."]
[EventCountry "GER"]
[SourceTitle "playchess.com"]
[Source "ChessBase"]
[SourceQuality "1"]

{[%evp 12,108,-4,6,31,29,27,29,34,33,39,41,81,53,53,22,28,22,25,15,22,18,47,0,73,71,71,-27,-27,-34,-37,-14,-25,-34,-42,-114,-7,-13,-17,-16,-13,-10,0,0,-2,-31,-33,-31,0,0,0,0,0,0,27,20,28,27,49,0,0,0,3,0,66,18,61,39,148,153,362,358,403,368,559,553,732,732,1077,1014,968,789,682,420,877,839,1209,1075,4042,4133,29985,29986,29986,29987,29987,29988,29988,29989,29991]} 1. d4 d5 2. Nf3 Nf6 3. Nbd2 c6 4. e3 Bf5 5. c4 e6 6. Qb3 {D12: Slav Defence: 3 Nf3 Nf6 4 e3 Bf5} Qc7 7. Nh4 {LiveBook: 3 Games} Bg6 (7... Be4 $5) 8. Nxg6 {White is slightly better.} hxg6 9. g3 Nbd7 10. Bg2 Bd6 $146 ({Predecessor:} 10... Be7 11. a3 Rc8 12. O-O O-O {1-0 (40) Gelashvili,T (2596)-Bartholomew,J (2442) Philadelphia 2011}) 11. O-O Ng4 12. h3 Ngf6 13. e4 dxe4 14. c5 Be7 15. Re1 b6 16. Nxe4 Nxe4 17. Bxe4 (17. Bf4 $5 {[%cal Rf4c7]} Nexc5 18. Bxc7 Nxb3 19. axb3 $16) 17... bxc5 (17... Nf6 $11) 18. Bf4 $16 Bd6 {[#]} 19. Bxg6 (19. Bxd6 $1 $16 Qxd6 20. dxc5) 19... O-O $11 20. Rxe6 $1 Bxf4 21. Re7 {[%cal Rg6f7]} c4 22. Qxc4 {[%cal Rg6f7]} Ne5 23. Qc5 (23. Bh7+ $15 Kh8 24. Qc5 Nf3+ 25. Kg2) 23... Nxg6 (23... Nf3+ $17 24. Kg2 Qd6 25. Qxd6 Bxd6 26. Bxf7+ Rxf7 27. Rxf7 Nh4+ 28. gxh4 Kxf7) 24. Rxc7 Bxc7 25. Qxc6 Bb6 26. Rd1 Rac8 27. Qa4 Rfd8 28. Kg2 Rd5 29. b4 Rc4 30. Qb3 Rdxd4 31. Rxd4 Rxd4 32. Qc3 Re4 33. Kf1 Re7 34. a4 {[%cal Ba2a4,Ba4a5][%mdl 32]} Rc7 35. Qd2 {[%mdl 1024] [#] And now a5 would win. White has compensation.} (35. Qd3 $5 {[%cal Ra4a5]} Nf8 36. a5 $11) 35... Rc4 36. a5 Bd4 37. h4 Ne5 ({Black should play} 37... Nf8 $1 $11) 38. Kg2 a6 39. h5 Kh8 ({Black should try} 39... Kf8 $14) 40. Kh3 $16 {Hoping for f4.} Nf3 $2 (40... Ng4 $16) 41. Qf4 $18 Ne5 42. Qf5 Rxb4 (42... Rc1 $142 43. Qe4 Nc6 44. Qe8+ Kh7 45. Qxf7 Rc3 46. Qf5+ Kh8 47. Qc8+ Kh7 48. Qxa6 Bxf2) 43. f4 Nf3 44. Qxf7 {Qf8+ is the strong threat.} Ng1+ 45. Kg4 {Threatens to win with Qf8+.} Rb8 46. Qc7 Rg8 47. Qd6 Bf2 (47... Ne2 $142 48. Qxa6 Re8) 48. Qxa6 Re8 49. Qc6 Re2 50. a6 Ra2 51. Qe8+ {White mates.} Kh7 52. Qg6+ Kh8 53. h6 {[%csl Gh6][%cal Rg6g7]} Bd4 54. hxg7+ Bxg7 {Precision: White = 73%, Black = 20%.} 1-0

[Event "DPEM 2017"]
[Site "Wiesbaden"]
[Date "2017.06.16"]
[Round "4.6"]
[White "Schlenker, Joerg"]
[Black "Seyfried, Claus"]
[Result "1/2-1/2"]
[WhiteElo "2165"]
[BlackElo "2136"]
[Annotator "TA"]
[PlyCount "123"]
[EventDate "2017.??.??"]
[EventType "k.o."]
[EventCountry "GER"]
[SourceTitle "playchess.com"]
[Source "ChessBase"]
[SourceQuality "1"]

{[%evp 18,123,6,0,18,-8,-19,-156,-151,-143,-138,-160,-170,-178,-99,-131,-77,-93,-109,-96,-54,-59,-45,-41,-44,-208,-147,-133,-129,-122,-112,-256,-253,-255,-251,-252,-167,-147,-160,-141,-54,-141,-153,-154,-154,-154,-154,-154,-146,-142,-25,-269,-256,-255,-249,-379,-196,-300,-254,-240,-185,-194,-198,-194,-181,-254,-253,-270,-268,-220,0,-229,-223,-289,-199,-155,-66,-74,-71,-76,-96,-93,-42,-206,-218,-199,-39,-37,-39,-37,-8,-8,0,-473,-462,-420,-398,-299,-85,-260,-85,-85,0,0,0,-29985,-24,-231]} 1. e4 e5 2. Nf3 Nc6 3. Bb5 {[%cal Bf1b5,Bb5a4,Ba4b3][%mdl 32]} a6 4. Ba4 Nf6 5. Qe2 Be7 6. c3 b5 7. Bb3 O-O 8. O-O d5 9. d3 Bb7 10. Bg5 d4 {C86: Closed Ruy Lopez: Worrall Attack} 11. Nbd2 Nh5 $146 ({Predecessor:} 11... h6 12. Bxf6 Bxf6 13. Bd5 dxc3 14. bxc3 Na5 15. Bxb7 Nxb7 16. Rfd1 Nc5 17. Nf1 Na4 18. Qc2 {½-½ (25) Vojtek,V (2307)-Meszaros,M (2416) Slovakia 2009}) 12. g4 (12. Bxe7 $11 {was the only way to keep the balance.} Nf4 13. Bxd8 Nxe2+ 14. Kh1 Rfxd8 15. cxd4) 12... Bxg5 $17 {Black is clearly better.} 13. gxh5 Bf4 14. Kh1 Qd7 15. Rg1 Qh3 (15... Rad8 $19 {aiming for ...dxc3.} 16. Bd5 dxc3 17. bxc3 Na5 18. Bxb7 Nxb7) 16. Nf1 dxc3 (16... Rad8 $142 {Threatens to win with ...dxc3.} 17. Bd5 Rxd5 $1 {[%mdl 512]} 18. exd5 Na5) 17. bxc3 Na5 18. Ng5 Bxg5 19. Rxg5 Nxb3 20. axb3 f5 21. Ng3 $2 (21. Nd2 $15) 21... h6 22. Rg6 f4 $36 {[%mdl 2048] White is under strong pressure.} 23. Rg1 Rad8 ({Much worse is} 23... fxg3 $6 24. R1xg3 Qd7 25. Rxg7+ Qxg7 26. Rxg7+ Kxg7 27. Qg4+ Kh8 28. Qe6 $11) 24. f3 (24. Nf1 $17) 24... fxg3 $19 25. R1xg3 Qd7 ({Don't do} 25... Qxh5 26. Rxg7+ Kh8 27. Qg2 $17) 26. Qe3 Rf7 27. Qxh6 Qe7 $1 28. Re6 Rd6 {[#]} ({Black should play} 28... Qf8 $17 29. Qe3 b4) 29. Rxe7 (29. Qxg7+ $1 $15 {[%mdl 512]} Rxg7 30. Rxe7 Rxg3 31. hxg3) 29... Rxh6 $17 30. Rxe5 Rd6 31. d4 {[#]} b4 $1 {[%mdl 512]} 32. cxb4 Rxd4 33. h6 Kh7 (33... Rxb4 $17 34. Reg5 Rxb3 35. Rxg7+ Rxg7 36. Rxg7+ Kh8) 34. b5 $2 (34. hxg7 $11 Rxg7 35. Rxg7+ Kxg7 36. b5) 34... gxh6 $19 35. bxa6 Bxa6 36. Re6 (36. Rc5 {was necessary.}) 36... Rd6 (36... Be2 $142 37. Kg2 Rd2) 37. Re8 (37. Rxd6 $142 cxd6 38. Kg1) 37... Bb5 38. Re5 Be2 39. f4 Rd1+ 40. Kg2 Bf1+ 41. Kf3 (41. Kg1 {keeps fighting.}) 41... Rd3+ 42. Kg4 Be2+ 43. Kh3 Bf1+ 44. Kg4 {[#]} Rd2 $1 45. f5 Rxh2 46. Kf4 Rd7 (46... Rh4+ $17 47. Rg4 Rh1) 47. Re8 Rh4+ 48. Ke5 Bd3 49. Re3 Kg7 ({Better is} 49... Bb5 $17 50. Kf6 Rf4) 50. b4 $2 (50. Ke6 $1 $15 Rd6+ 51. Ke5) 50... Kf7 51. Re6 Rd6 $2 (51... Bc4 $19 52. Re1 Kf8) 52. Rxd6 $15 cxd6+ {[%mdl 4096] Endgame KRB-KR} 53. Kd5 $1 Ba6 {And now ...Bb7+ would win.} 54. Kxd6 Kf6 (54... Bb7 $5 {[%cal Rb7e4]} 55. e5 Rd4+ 56. Kc5 Re4 57. e6+ Ke7 $11) 55. Kd5 $2 {[%mdl 8192] [#]} (55. e5+ $11 {and White stays safe.} Kxf5 56. e6) 55... Bb7+ $1 $19 56. Kd4 Bc6 57. b5 Bxb5 $2 (57... Bb7 $19 {and Black stays clearly on top.} 58. Kc5 Bxe4) 58. Kd5 $2 (58. Rb3 $17 Ba4 59. Rb6+ Kg5 60. Rg6+ Kh5 61. Ke3) 58... Ba6 $2 (58... Rh1 $19 59. Rb3 Be8 60. Rb6+ Kg5) 59. Rb3 $17 {Black must now prevent Rb6+.} Bc4+ (59... Be2 $17 {...Bh5 is the strong threat.} 60. Rb6+ Kg5 61. Rg6+ Kh5) 60. Kxc4 $11 Rxe4+ 61. Kc3 $2 {[%mdl 8192]} (61. Kd3 $11 Kxf5 62. Rb6) 61... Kxf5 $2 (61... Re3+ {mates} 62. Kc2 Rxb3 63. Kxb3 h5 64. Kc4 h4 65. Kd5 h3 66. Kc4 h2 67. Kc3 h1=Q 68. Kd4 Kxf5 69. Kc4 Qb1 70. Kc5 Qe4 71. Kb6 Qb4+ 72. Kc7 Ke6 73. Kc6 Qa5 74. Kb7 Kd7 75. Kb8 Kc6 76. Kc8 Qc7#) 62. Rb6 $2 {Precision: White = 33%, Black = 37%.} (62. Kd2 $1 $11 {and White is okay.}) 1/2-1/2

[Event "DPEM 2017"]
[Site "Wiesbaden"]
[Date "2017.06.16"]
[Round "4.7"]
[White "Isakov, Michael G"]
[Black "Faas, Dominik"]
[Result "1-0"]
[WhiteElo "2155"]
[BlackElo "2048"]
[Annotator "TA"]
[PlyCount "73"]
[EventDate "2017.??.??"]
[EventType "k.o."]
[EventCountry "GER"]
[SourceTitle "playchess.com"]
[Source "ChessBase"]
[SourceQuality "1"]

{[%evp 15,73,28,41,22,37,16,31,-2,13,10,32,27,87,74,75,73,102,80,72,78,83,81,195,155,185,180,209,204,221,219,268,276,347,332,417,415,409,401,497,427,1331,1302,1481,1516,1713,832,1818,1806,1728,1743,2223,2196,2223,2142,2215,2288,29981,6000,29990,29991]} 1. e4 e5 2. Nf3 Nc6 3. Bb5 a6 4. Ba4 d6 5. O-O Bd7 6. c3 Nge7 {[%cal Bg8e7,Be7g6,Bg6f4][%mdl 32]} 7. d4 {[%cal Bd2d4,Bd4d5][%mdl 32]} Ng6 8. Nbd2 Be7 {LiveBook: 44 Games} 9. d5 {C75: Ruy Lopez: Deferred Steinitz: 5 c3 Bd7 6 d4 without ...g6} Nb8 10. c4 $146 ({Predecessor:} 10. Bxd7+ Nxd7 11. Nc4 O-O 12. Ne3 Nc5 13. Qc2 b5 14. Nf5 Bf6 15. b4 Na4 16. c4 Qd7 {0-1 (45) Winiarski,M (2285)-Stefanov,E (2505) Prague 2016}) 10... O-O 11. b4 {White is slightly better.} a5 12. b5 Nf4 13. c5 dxc5 (13... Bg4 $11 {keeps the balance.}) 14. Nxe5 Bf6 15. Ndc4 Bxe5 16. Nxe5 Qg5 {[%csl Gf4][%cal Rg5g2]} 17. Bxf4 Qxf4 18. Nd3 $36 {[%cal Be5d3,Bd3b2,Bb2c4][%mdl 2080] White is really pushing.} Qd6 (18... Qxe4 $16 19. Nxc5 Qb4 20. Nxb7 Bxb5 21. Bxb5 Qxb5) 19. Nb2 Qe5 {[#]} 20. Qc2 $1 b6 21. Nc4 Qe8 22. Rab1 Bg4 23. e5 {[%cal Be4e5,Be5e6][%mdl 32]} Qd7 24. Ne3 Re8 25. f4 Bh5 26. Qe4 f5 27. Qc4 g5 (27... Bg6 $142 28. Bc2 Qf7) 28. e6 $18 Qd8 29. Nxf5 {White wants to mate with Qc3.} Bg6 30. Bc2 (30. Nh6+ $142 Kg7 31. f5 Kxh6 32. fxg6 hxg6 33. Qd3) 30... g4 31. Nh6+ Kg7 32. Bxg6 hxg6 33. Nxg4 Rf8 34. Rb3 {[%cal Bb1b3,Bb3g3,Bg3h3][%mdl 32]} Qh4 35. Rg3 Kg8 {[#]} 36. f5 $1 g5 (36... Rxf5 37. Rxf5) 37. Rh3 {Precision: White = 66%, Black = 14%.} 1-0

[Event "DPEM 2017"]
[Site "Wiesbaden"]
[Date "2017.06.16"]
[Round "4.8"]
[White "Meyer, Falko"]
[Black "Hachtmann, Christian"]
[Result "1-0"]
[WhiteElo "2223"]
[BlackElo "2068"]
[Annotator "NA"]
[PlyCount "101"]
[EventDate "2017.??.??"]
[EventType "k.o."]
[EventCountry "GER"]
[SourceTitle "playchess.com"]
[Source "ChessBase"]
[SourceQuality "1"]

1. e4 e6 2. d3 d5 3. Nd2 c5 4. Ngf3 Nf6 5. g3 Nc6 6. Bg2 dxe4 7. dxe4 e5 8. O-O Be7 9. c3 O-O 10. Qc2 Qc7 11. Re1 b5 12. Bf1 Rb8 13. a4 a6 14. axb5 axb5 15. b3 Ne8 16. h4 Nd6 17. Ba3 Qb6 18. Kg2 f5 19. exf5 Bxf5 20. Bd3 b4 21. cxb4 Nd4 22. Nxd4 cxd4 23. Rxe5 Rbc8 24. Rc5 Qb7+ 25. Kg1 Qd7 26. Rc1 Ra8 27. Bb2 Ra2 28. Rb1 Qe6 29. Rxf5 Rxf5 30. Bxf5 Nxf5 31. b5 Bf6 32. Qc4 Kf7 33. b6 Nd6 34. Qc7+ Qe7 35. Nc4 Qxc7 36. bxc7 Nc8 37. Rd1 Ra7 38. Bxd4 Rxc7 39. Bxf6 gxf6 40. Nd6+ Ke6 41. Nxc8 Rxc8 42. b4 Rb8 43. Rb1 Rb5 44. Kg2 Kd5 45. Kf3 Kc4 46. Ke3 h5 47. Rc1+ Kb3 48. Rc5 Rxb4 49. Rxh5 Kc2 50. Rf5 Rb6 51. h5 1-0

[Event "DPEM 2017"]
[Site "Wiesbaden"]
[Date "2017.06.16"]
[Round "4.9"]
[White "Lamby, Philipp"]
[Black "Schulz, Gert"]
[Result "1/2-1/2"]
[WhiteElo "2209"]
[BlackElo "2000"]
[Annotator "NA"]
[PlyCount "129"]
[EventDate "2017.??.??"]
[EventType "k.o."]
[EventCountry "GER"]
[SourceTitle "playchess.com"]
[Source "ChessBase"]
[SourceQuality "1"]

1. e4 c5 2. d4 cxd4 3. c3 Nf6 4. e5 Nd5 5. Nf3 Nc6 6. Bc4 Nb6 7. Bb3 d6 8. exd6 Qxd6 9. O-O Be6 10. Na3 Bxb3 11. Qxb3 e6 12. Nb5 Qd7 13. Nxa7 Rxa7 14. Qxb6 Ra6 15. Qb5 Ra5 16. Qd3 dxc3 17. Qxc3 Rc5 18. Qb3 Rd5 19. Bf4 Be7 20. Rad1 O-O 21. Rxd5 exd5 22. Rd1 Rd8 23. Ne5 Qe6 24. Re1 Bb4 25. Re3 Qf5 26. g3 Bc5 27. Nxc6 bxc6 28. Rc3 Bxf2+ 29. Kxf2 g5 30. Qc2 Qxc2+ 31. Rxc2 gxf4 32. Rxc6 Rb8 33. Rc2 fxg3+ 34. hxg3 Kg7 35. Ke3 Kf6 36. Kd4 Ke6 37. b3 Kd6 38. Rf2 Rb4+ 39. Ke3 Rg4 40. Kf3 f5 41. Rh2 Rg7 42. Kf4 Rg4+ 43. Kf3 Rg7 44. Kf4 Rg4+ 45. Kxf5 Rxg3 46. Rh6+ Kc5 47. Rxh7 Rg2 48. a3 Rb2 49. Rh3 Kd4 50. Ke6 Kc5 51. Ke5 Re2+ 52. Kf4 Rb2 53. Rd3 Re2 54. Kf3 Re1 55. Kf2 Ra1 56. a4 d4 57. Ke2 Kd5 58. Rh3 Rb1 59. Kd2 Ke4 60. Rh4+ Kd5 61. Kc2 Rg1 62. Rh2 Rg3 63. Rd2 Rc3+ 64. Kb2 Kc5 65. Rc2 1/2-1/2

[Event "DPEM 2017"]
[Site "Wiesbaden"]
[Date "2017.06.16"]
[Round "4.10"]
[White "Jandke, Manfred"]
[Black "Graetsch, Andreas"]
[Result "1-0"]
[WhiteElo "2132"]
[BlackElo "1836"]
[Annotator "NA"]
[PlyCount "120"]
[EventDate "2017.??.??"]
[EventType "k.o."]
[EventCountry "GER"]
[SourceTitle "playchess.com"]
[Source "ChessBase"]
[SourceQuality "1"]

1. c4 Nf6 2. Nc3 g6 3. Nf3 Bg7 4. g3 b6 5. Bg2 Bb7 6. d4 O-O 7. O-O d6 8. Qc2 c6 9. Rd1 Nbd7 10. e4 Qc7 11. b3 a6 12. Bb2 c5 13. e5 Ne8 14. Nd5 Qd8 15. dxc5 Nxc5 16. exd6 Nxd6 17. Bxg7 Kxg7 18. b4 Nd7 19. c5 Bxd5 20. Rxd5 bxc5 21. bxc5 Nf6 22. Qb2 Qa5 23. Nd2 Rab8 24. Nb3 Nc4 25. Qxf6+ Kxf6 26. Nxa5 Nxa5 27. Rd4 Rfc8 28. Rc1 Nc6 29. Rf4+ Kg7 30. Ra4 Ra8 31. Rb1 Rab8 32. Rb6 Rxb6 33. cxb6 Nb8 34. h4 Rc1+ 35. Kh2 Rc2 36. f4 Rb2 37. b7 Nd7 38. Rxa6 Nc5 39. Ra8 Nxb7 40. Rb8 Rxa2 41. Rxb7 Kf6 42. h5 Re2 43. Kh3 Re3 44. Rb6+ Kg7 45. Rb5 h6 46. hxg6 Kxg6 47. Rb4 e5 48. Bd5 f6 49. Kh4 h5 50. Be4+ Kh6 51. fxe5 fxe5 52. Rb6+ Kg7 53. Bg6 Re1 54. Bxh5 e4 55. Kg5 e3 56. Rb7+ Kf8 57. Rf7+ Kg8 58. Re7 Kf8 59. Re8+ Kg7 60. Kf4 Rf1+ 1-0

[Event "DPEM 2017"]
[Site "Wiesbaden"]
[Date "2017.06.16"]
[Round "4.11"]
[White "Dehlinger, Alexander"]
[Black "Schiffner, Kevin"]
[Result "1-0"]
[WhiteElo "2272"]
[BlackElo "2019"]
[Annotator "Thomas"]
[PlyCount "152"]
[EventDate "2017.??.??"]
[EventType "k.o."]
[EventCountry "GER"]

1. Nf3 c5 2. c4 Nc6 3. Nc3 Nf6 4. g3 g6 5. Bg2 Bg7 6. d4 cxd4 7. Nxd4 O-O 8. O-O a6 9. c5 Qc7 10. Nb3 Rd8 11. Bf4 d6 12. cxd6 exd6 13. Rc1 Be6 14. Nc5 Qe7 15. Nxe6 Qxe6 16. Nd5 Nxd5 17. Bxd5 Qe7 18. Qd2 Nd4 19. Be3 Ne6 20. Rfd1 Rd7 21. b3 Re8 22. Rc2 Qd8 23. Rc4 Kf8 24. Bxe6 Rxe6 25. Bh6 Kg8 26. Bxg7 Kxg7 27. Rd4 Qf6 28. e3 Qe7 29. Qd3 Kg8 30. Rd2 Kg7 31. Kg2 Kg8 32. Qc4 Rc7 33. Qd3 Rc6 34. Qe2 Re4 35. Rd5 Re5 36. R5d4 Re4 37. R4d3 Re5 38. Qd1 Re6 39. Rd5 Qc7 40. Qe2 Rc1 41. Rd1 Rc2 42. R5d2 Qc6+ 43. Kg1 Rxd2 44. Rxd2 Qc1+ 45. Kg2 Qc6+ 46. Kg1 Qc1+ 47. Rd1 Qc6 48. Qd3 Qf3 49. Rd2 Rf6 50. Qc2 Kg7 51. Qc3 Qc6 52. Qd4 Qc1+ 53. Kg2 Qc6+ 54. e4 Qc5 55. f4 Qxd4 56. Rxd4 Re6 57. Kf3 Kf8 58. g4 Ke8 59. g5 f6 60. h4 fxg5 61. hxg5 Kf7 62. a4 Kg7 63. Rb4 Re7 64. f5 gxf5 65. exf5 Rc7 66. Ke4 Kf7 67. Rb6 Ke7 68. Kd4 Kd7 69. Rb4 Kd8 70. Kd5 Rc5+ 71. Ke6 Re5+ 72. Kf6 b5 73. axb5 axb5 74. Rh4 Re7 75. g6 hxg6 76. fxg6 Kd7 1-0

[Event "DPEM 2017"]
[Site "Wiesbaden"]
[Date "2017.06.16"]
[Round "4.12"]
[White "Quast, Marcel"]
[Black "Kreuzer, Helmut"]
[Result "1/2-1/2"]
[WhiteElo "2241"]
[BlackElo "2104"]
[Annotator "NA"]
[PlyCount "81"]
[EventDate "2017.??.??"]
[EventType "k.o."]
[EventCountry "GER"]
[SourceTitle "playchess.com"]
[Source "ChessBase"]
[SourceQuality "1"]

1. e4 c5 2. d4 cxd4 3. c3 dxc3 4. Nxc3 Nc6 5. Nf3 e6 6. Bc4 Qc7 7. O-O Nf6 8. e5 Nxe5 9. Nxe5 Qxe5 10. Re1 Qc7 11. Bf1 Be7 12. Nb5 Qd8 13. Bf4 d6 14. Nxd6+ Kf8 15. Bc4 Bd7 16. Nxb7 Qb6 17. Qb3 Bc6 18. Nd6 Nh5 19. Nxf7 Qxb3 20. axb3 Kxf7 21. Rxe6 Nxf4 22. Rxc6+ Kf8 23. Ra5 Bf6 24. Rc7 h5 25. g3 Ng6 26. h4 Rh6 27. Bd5 Rd8 28. Rcxa7 Ne7 29. Bc4 Bxb2 30. Ra8 Nc6 31. Rxd8+ Nxd8 32. Be2 Rf6 33. Bxh5 Bd4 34. Ra2 Nc6 35. Kg2 Ke7 36. f4 Kd6 37. Bf3 Nb4 38. Ra8 Kd7 39. Be4 Rb6 40. Ra5 Ke7 41. Ra7+ 1/2-1/2

[Event "DPEM 2017"]
[Site "Wiesbaden"]
[Date "2017.06.16"]
[Round "4.13"]
[White "Hundack, Rolf"]
[Black "Woll, Wilfried"]
[Result "1/2-1/2"]
[WhiteElo "2091"]
[BlackElo "2080"]
[Annotator "NA"]
[PlyCount "98"]
[EventDate "2017.??.??"]
[EventType "k.o."]
[EventCountry "GER"]
[SourceTitle "playchess.com"]
[Source "ChessBase"]
[SourceQuality "1"]

1. c4 e6 2. Nc3 d5 3. d4 c5 4. e3 Nf6 5. Nf3 a6 6. b3 cxd4 7. exd4 Nc6 8. c5 Ne4 9. Bd2 Be7 10. Bd3 f5 11. a3 O-O 12. b4 Bf6 13. Ne2 g5 14. h3 Bd7 15. Qc2 Be8 16. Bc3 Bg6 17. Rd1 Qc7 18. Qb2 Rae8 19. Bxe4 dxe4 20. Ne5 Ne7 21. h4 gxh4 22. Nf4 Nd5 23. Nfxg6 hxg6 24. Nxg6 Qg7 25. Nxf8 Qxg2 26. Kd2 Bg5+ 27. Kc2 Ne3+ 28. Kb3 Nxd1 29. Rxd1 Kxf8 30. d5 Rd8 31. d6 Kf7 32. Qb1 Qf3 33. Qc2 Bf6 34. Re1 Qxc3+ 35. Qxc3 Bxc3 36. Kxc3 h3 37. Rh1 Rh8 38. Rh2 e5 39. Kd2 Ke6 40. Ke3 Kd5 41. Ke2 Ke6 42. f3 exf3+ 43. Kxf3 Kf6 44. Kg3 f4+ 45. Kg4 Rg8+ 46. Kxh3 Rg3+ 47. Kh4 Kf5 48. Rd2 Rg7 49. Kh3 Ke6 1/2-1/2

[Event "DPEM 2017"]
[Site "Wiesbaden"]
[Date "2017.06.16"]
[Round "4.14"]
[White "Boehmler, Thomas"]
[Black "Bendfeldt, Tim"]
[Result "0-1"]
[WhiteElo "1866"]
[BlackElo "2076"]
[Annotator "NA RC"]
[PlyCount "88"]
[EventDate "2017.??.??"]
[EventType "k.o."]
[EventCountry "GER"]
[SourceTitle "playchess.com"]
[Source "ChessBase"]
[SourceQuality "1"]

1. d4 d5 2. c4 c6 3. Nf3 Nf6 4. Nc3 e6 5. Bg5 dxc4 6. a4 Bb4 7. e3 b5 8. axb5 cxb5 9. Be2 Bb7 10. O-O Bxc3 11. bxc3 Qd5 12. Bxf6 gxf6 13. Nh4 Nc6 14. Bf3 Qd7 15. Qc2 Ne7 16. Bxb7 Qxb7 17. e4 Ng6 18. Nxg6 hxg6 19. Rfb1 a6 20. f4 f5 21. Re1 fxe4 22. Rxe4 O-O 23. Re5 Rfd8 24. h4 Rd5 25. Rae1 Rad8 26. h5 gxh5 27. Qe2 Rxe5 28. fxe5 Kf8 29. Qxh5 Ke7 30. Rf1 Rf8 31. Ra1 Rg8 32. Ra2 a5 33. Rf2 Rf8 34. g4 b4 35. Qg5+ Ke8 36. cxb4 axb4 37. Qc1 Rh8 38. Rg2 Qd5 39. Qa1 Kf8 40. Qb2 b3 41. Qc3 Qe4 42. Qb4+ Kg7 43. Qd2 Rh6 44. g5 Rh4 0-1

[Event "DPEM 2017"]
[Site "Wiesbaden"]
[Date "2017.06.17"]
[Round "5.1"]
[White "Poetsch, Hagen"]
[Black "Carow, Johannes"]
[Result "1/2-1/2"]
[WhiteElo "2486"]
[BlackElo "2435"]
[Annotator "ChessBase"]
[PlyCount "66"]
[EventDate "2017.??.??"]
[EventType "k.o."]
[EventCountry "GER"]
[SourceTitle "playchess.com"]
[Source "ChessBase"]
[SourceQuality "1"]

1. e4 c5 2. Nf3 e6 3. d4 cxd4 4. Nxd4 a6 5. c4 Nf6 6. Nc3 Qc7 7. Be2 b6 8. O-O Bb7 9. Qd3 Nc6 10. Nxc6 dxc6 11. f4 Rd8 12. Qg3 c5 13. e5 Ne4 14. Nxe4 Bxe4 15. Be3 g6 16. Rfd1 Be7 17. Bf3 Qc6 18. Rxd8+ Kxd8 19. Kf2 h5 20. Bxe4 Qxe4 21. Qf3 Qxf3+ 22. Kxf3 Kc7 23. a4 Kc6 24. Bd2 Rd8 25. Bc3 Rd7 26. Ke4 Rd8 27. g3 Rd7 28. h3 Rd8 29. Rh1 Rh8 30. Rd1 Ra8 31. Ra1 Rd8 32. Rf1 Rh8 33. Ra1 Rd8 1/2-1/2

[Event "DPEM 2017"]
[Site "Wiesbaden"]
[Date "2017.06.17"]
[Round "5.2"]
[White "Natsidis, Christoph"]
[Black "Schwing, Hans-Elmar"]
[Result "1/2-1/2"]
[WhiteElo "2312"]
[BlackElo "2335"]
[Annotator "ChessBase"]
[PlyCount "81"]
[EventDate "2017.??.??"]
[EventType "k.o."]
[EventCountry "GER"]
[SourceTitle "playchess.com"]
[Source "ChessBase"]
[SourceQuality "1"]

1. d4 Nf6 2. c4 e6 3. Nc3 Bb4 4. e3 b6 5. Nge2 Ne4 6. Qc2 Bb7 7. f3 Nxc3 8. bxc3 Be7 9. e4 Nc6 10. Ng3 d6 11. Bd3 e5 12. Be3 Bg5 13. Bf2 O-O 14. O-O Bf6 15. Ne2 Na5 16. c5 dxc5 17. dxc5 Be7 18. Rfd1 Qc8 19. Nc1 Bc6 20. Bf1 Qe6 21. Nd3 Rad8 22. Nb4 Bxc5 23. Bxc5 bxc5 24. Na6 Qe7 25. Qf2 Nb7 26. Rdb1 f5 27. exf5 Rxf5 28. Qc2 Rf4 29. Re1 e4 30. fxe4 Rxe4 31. Rxe4 Qxe4 32. Qxe4 Bxe4 33. Nxc7 Rd2 34. Re1 Nd6 35. Ne8 Bg6 36. Nxd6 Rxd6 37. Re5 Bd3 38. Rxc5 Bxf1 39. Kxf1 Ra6 40. Kf2 Rxa2+ 41. Kf3 1/2-1/2

[Event "DPEM 2017"]
[Site "Wiesbaden"]
[Date "2017.06.17"]
[Round "5.3"]
[White "Ignatiev, Felix N"]
[Black "Telljohan, Sven"]
[Result "0-1"]
[WhiteElo "2307"]
[BlackElo "2404"]
[Annotator "ChessBase"]
[PlyCount "100"]
[EventDate "2017.??.??"]
[EventType "k.o."]
[EventCountry "GER"]
[SourceTitle "playchess.com"]
[Source "ChessBase"]
[SourceQuality "1"]

1. e4 g6 2. d4 Bg7 3. Nc3 c6 4. Be3 d5 5. Qd2 dxe4 6. Nxe4 Nd7 7. O-O-O Ndf6 8. Nxf6+ Nxf6 9. f3 h5 10. Bd3 Nd5 11. Bg5 Bf5 12. Bxf5 gxf5 13. Qd3 Bh6 14. Bxh6 Rxh6 15. c4 Nb6 16. Ne2 e6 17. h4 Qc7 18. b3 O-O-O 19. Qe3 Rhh8 20. Nf4 Qe7 21. Kb1 Qb4 22. Qd2 Qxd2 23. Rxd2 e5 24. Ne2 c5 25. d5 Rdg8 26. g3 Kd7 27. Kc2 Nc8 28. Kd3 Nd6 29. Rc2 Rg6 30. Rb1 b6 31. b4 cxb4 32. Rxb4 Rc8 33. Ra4 Rc7 34. Rb4 Rc5 35. Ra4 a5 36. Ra3 Rg8 37. Rb3 Rb8 38. a4 Rcc8 39. c5 bxc5 40. Rxb8 c4+ 41. Rxc4 Rxc4 42. Rb7+ Ke8 43. Rb6 e4+ 44. Ke3 Kd7 45. Ra6 Rxa4 46. Ra7+ Kc8 47. Nd4 Rxd4 48. Kxd4 Nb5+ 49. Ke3 Nxa7 50. g4 a4 0-1

[Event "DPEM 2017"]
[Site "Wiesbaden"]
[Date "2017.06.17"]
[Round "5.4"]
[White "Seyfried, Claus"]
[Black "Paulsen, Dirk"]
[Result "0-1"]
[WhiteElo "2136"]
[BlackElo "2295"]
[Annotator "ChessBase"]
[PlyCount "98"]
[EventDate "2017.??.??"]
[EventType "k.o."]
[EventCountry "GER"]
[SourceTitle "playchess.com"]
[Source "ChessBase"]
[SourceQuality "1"]

1. e4 d6 2. d4 Nf6 3. Nc3 g6 4. f4 d5 5. e5 Ng8 6. Be3 h5 7. Nf3 Nh6 8. Qd2 Bf5 9. Bf2 a6 10. Bh4 Bg4 11. Be2 Nf5 12. Bf2 e6 13. Ng5 Nd7 14. Bd3 Ng7 15. Nd1 c5 16. dxc5 Nxc5 17. Ne3 Bf5 18. Bxf5 Nxf5 19. Nxf5 gxf5 20. O-O-O Rc8 21. Kb1 b5 22. Rhe1 Be7 23. Bxc5 Bxc5 24. Qe2 Qb6 25. Rd3 Be7 26. Rh3 Bxg5 27. fxg5 h4 28. g4 fxg4 29. Qxg4 Qf2 30. Rc1 Rc4 31. Qd1 Qg2 32. Qd3 Qxg5 33. Qa3 Qxe5 34. Qxa6 O-O 35. b3 Rb8 36. Qa7 Rg4 37. Rf1 Rf8 38. Rhf3 f5 39. Re3 Re4 40. Rg1+ Kh8 41. Qe7 Qf6 42. Qc5 Rxe3 43. Qxe3 Rg8 44. Re1 Rg6 45. Qc5 f4 46. Qxb5 f3 47. Qe8+ Kh7 48. Qd7+ Kh6 49. Qa7 d4 0-1